| 000 | 00498nam a22001817a 4500 | ||
|---|---|---|---|
| 003 | NUST - PNEC | ||
| 005 | 20170116180804.0 | ||
| 008 | 150421b xxu||||| |||| 00| 0 eng d | ||
| 020 | _a0860370666 | ||
| 040 | _cLIBRARY | ||
| 082 | _a330.2971 KHU | ||
| 100 |
_92860 _aAhmad, Khurshid |
||
| 245 |
_aStudies in Islamic Economics _c Khurshid Ahmad |
||
| 260 |
_aUK _bIslamic Foundation _cC1980. |
||
| 300 | _a390P. : | ||
| 650 |
_92861 _aEconomics--Religious aspects--Islam _xMIS |
||
| 942 |
_2ddc _cBK |
||
| 999 |
_c63131 _d63131 |
||